[Event "Politiken Cup 30th"]
[Site "Helsingor"]
[Date "2008.07.24"]
[Round "7"]
[White "Schultz Pedersen, Jesper"]
[Black "Eljanov, Vladimir"]
[Result "1-0"]
[WhiteElo "2165"]
[BlackElo "2357"]
[PlyCount "93"]
[EventDate "2008.07.19"]
[EventType "swiss"]
[EventRounds "10"]
[EventCountry "DEN"]
[SourceTitle "CBM 125 Extra"]
[Source "ChessBase"]
[SourceDate "2008.09.01"]
[SourceVersion "1"]
[SourceVersionDate "2008.09.01"]
[SourceQuality "1"]

1. e4 c5 2. b4 d6 3. bxc5 dxc5 4. Nc3 Nc6 5. Bc4 Nf6 6. Rb1 e6 7. Nf3 Be7 8. 0-0 0-0 9. e5 Nd5 10. Ne4 a6 11. Re1 b5 12. Bf1 Nb6 13. d3 Bb7 14. Bb2 Rc8 15. Qc1 Nd4 16. Qf4 Nd5 17. Qg4 Nxc2 18. h4 Nxe1 19. Rxe1 Kh8 20. Nfg5 Bxg5 21. hxg5 Ne7 22. Nd6 Rc7 23. Re3 Nf5 24. Rh3 Nd4 25. Nxb7 Rxb7 26. Qe4 g6 27. Qxb7 Qxg5 28. Bxd4 cxd4 29. Qe4 Rd8 30. Rf3 Qe7 31. Qf4 Kg7 32. Rh3 Rh8 33. Qxd4 Qa3 34. Qh4 h5 35. Qf6+ Kg8 36. Rf3 Rh7 37. d4 Qb2 38. Bd3 Rg7 39. d5 exd5 40. Qd8+ Kh7 41. Qxd5 Qc1+ 42. Kh2 Qc7 43. g3 Kg8 44. e6 fxe6 45. Qxe6+ Kh7 46. Bxg6+ Rxg6 47. Rf7+ 1-0

[Event "Politiken Cup 30th"]
[Site "Helsingor"]
[Date "2008.07.20"]
[Round "3"]
[White "Socko, Bartosz"]
[Black "Eljanov, Vladimir"]
[Result "1-0"]
[WhiteElo "2627"]
[BlackElo "2357"]
[PlyCount "129"]
[EventDate "2008.07.19"]
[EventType "swiss"]
[EventRounds "10"]
[EventCountry "DEN"]
[SourceTitle "CBM 125 Extra"]
[Source "ChessBase"]
[SourceDate "2008.09.01"]
[SourceVersion "1"]
[SourceVersionDate "2008.09.01"]
[SourceQuality "1"]

1. e4 c5 2. Nf3 e6 3. b3 Nf6 4. e5 Nd5 5. Bb2 Nc6 6. g3 d6 7. exd6 Nf6 8. Bg2 Qxd6 9. Na3 Be7 10. Qe2 0-0 11. 0-0-0 Qc7 12. d4 a6 13. Rhe1 cxd4 14. Nxd4 Bd7 15. Nc4 Nxd4 16. Bxd4 Bb5 17. Qe5 Qxe5 18. Nxe5 Ba3+ 19. Kb1 Rab8 20. c4 Be8 21. Ba7 Rc8 22. Be3 Bc6 23. Nxc6 bxc6 24. Bf3 Rfe8 25. g4 Bb4 26. Rg1 Kf8 27. g5 Ng8 28. Kb2 Ne7 29. Bb6 Rb8 30. c5 Nd5 31. Rg4 Bc3+ 32. Kc2 Be5 33. Ba5 Rb5 34. b4 Rb7 35. Rh4 Kg8 36. Re1 f6 37. gxf6 gxf6 38. Be4 Rg7 39. Kb3 Bc7 40. Bxc7 Rxc7 41. Rh6 Rf8 42. Bxd5 exd5 43. Rg1+ Rg7 44. Rxg7+ Kxg7 45. Rh3 f5 46. Ka4 d4 47. Rd3 Rd8 48. Kb3 Kf6 49. f4 a5 50. a3 a4+ 51. Kc4 Re8 52. Rxd4 Re3 53. Rd6+ Ke7 54. Rxc6 Rxa3 55. Ra6 Rf3 56. Kd5 Rxf4 57. Ra7+ Kd8 58. b5 Rb4 59. b6 f4 60. Kd6 Ke8 61. b7 f3 62. Ra8+ Kf7 63. b8Q Rxb8 64. Rxb8 f2 65. Rb1 1-0

[Event "Rewal op 11th"]
[Site "Rewal"]
[Date "2006.08.24"]
[Round "5"]
[White "Eljanov, Vladimir"]
[Black "Baumann, Dariusz"]
[Result "1-0"]
[WhiteElo "2357"]
[BlackElo "2051"]
[PlyCount "217"]
[EventDate "2006.08.21"]
[EventType "swiss"]
[EventRounds "11"]
[EventCountry "POL"]
[SourceTitle "EXT 2010"]
[Source "ChessBase"]
[SourceDate "2010.11.25"]
[SourceVersion "1"]
[SourceVersionDate "2010.11.25"]
[SourceQuality "1"]

1. c4 c5 2. g3 Nf6 3. Bg2 d5 4. cxd5 Nxd5 5. Nc3 Nb6 6. d3 Nc6 7. Nf3 e5 8. 0-0 Be7 9. Be3 Bf5 10. a4 a5 11. Nd2 Be6 12. Rc1 Rc8 13. Nb5 Nd5 14. Bxc5 Bxc5 15. Rxc5 0-0 16. Rc1 Qe7 17. Nc4 Ndb4 18. Qd2 Rcd8 19. b3 f6 20. Rfd1 Rfe8 21. Qb2 Bf7 22. Rd2 Bh5 23. h3 f5 24. Qc3 Qf8 25. Nb6 Re7 26. Re1 Bf7 27. Nc4 Ree8 28. Rdd1 Bh5 29. Nb6 Bf7 30. Rd2 h6 31. Rc1 Bh5 32. Nc7 Re7 33. Ncd5 Nxd5 34. Nxd5 Red7 35. Nb6 Re7 36. e3 f4 37. Bxc6 bxc6 38. exf4 exf4 39. Qc4+ Rf7 40. g4 Bg6 41. Re1 Kh7 42. Qc3 Rb7 43. Nc4 Bf7 44. Nxa5 Rbd7 45. Nc4 Bd5 46. d4 Qf6 47. Ne5 Rb7 48. b4 Rdb8 49. a5 Qd6 50. Qc5 Qf6 51. a6 Rb5 52. Qc2+ Kg8 53. Ra1 Qh4 54. Kh2 Rxb4 55. a7 Ra8 56. Qf5 Rb3 57. Nd3 Rb7 58. Nxf4 Rf7 59. Ng6 Rxf5 60. Nxh4 Rf7 61. Nf5 Rfxa7 62. Ne7+ Kf7 63. Rxa7 Rxa7 64. Nxd5 cxd5 65. Kg3 g5 66. Rd3 Ra1 67. Kf3 Re1 68. Rd2 Ra1 69. Ke2 Ra3 70. Rd3 Ra2+ 71. Ke3 Ra1 72. Rb3 Ra6 73. Rb7+ Kf6 74. Rb3 Re6+ 75. Kf3 Ra6 76. Rb5 Ke6 77. Kg3 Rc6 78. f3 Ra6 79. Rb7 Ra4 80. Rb6+ Ke7 81. Rxh6 Rxd4 82. Rg6 Rd1 83. Rxg5 d4 84. Kf2 Rd2+ 85. Ke1 Rh2 86. Rd5 Rxh3 87. Ke2 Rh2+ 88. Kd3 Rf2 89. Rf5 Rf1 90. Kxd4 Ra1 91. Ke3 Ra4 92. Kf2 Ra2+ 93. Kg3 Ra1 94. g5 Ke6 95. Rb5 Kf7 96. Kg4 Ra6 97. Kf5 Ra7 98. f4 Rc7 99. g6+ Kg7 100. Kg5 Rc1 101. Rb7+ Kf8 102. f5 Ra1 103. Rh7 Ra5 104. Rh8+ Kg7 105. Rb8 Rc5 106. Rb7+ Kf8 107. Kh6 Rc6 108. Kh7 Rc1 109. g7+ 1-0

[Event "Rewal op 11th"]
[Site "Rewal"]
[Date "2006.08.21"]
[Round "2"]
[White "Matras Clement, Agnieszka"]
[Black "Eljanov, Vladimir"]
[Result "1/2-1/2"]
[WhiteElo "2210"]
[BlackElo "2357"]
[PlyCount "57"]
[EventDate "2006.08.21"]
[EventType "swiss"]
[EventRounds "11"]
[EventCountry "POL"]
[SourceTitle "EXT 2010"]
[Source "ChessBase"]
[SourceDate "2010.11.25"]
[SourceVersion "1"]
[SourceVersionDate "2010.11.25"]
[SourceQuality "1"]

1. e4 c5 2. c3 Nf6 3. e5 Nd5 4. d4 cxd4 5. Nf3 Nc6 6. cxd4 d6 7. Bc4 e6 8. 0-0 Be7 9. exd6 Qxd6 10. Nc3 Nxc3 11. bxc3 0-0 12. Rb1 b6 13. Bd3 Bb7 14. c4 Rfd8 15. Be3 Qc7 16. Qd2 Bf6 17. Rfd1 g6 18. Be2 Nxd4 19. Nxd4 e5 20. Qc3 exd4 21. Bxd4 Rxd4 22. Rxd4 Re8 23. Bf1 Re4 24. Rd7 Qxd7 25. Qxf6 Qd2 26. c5 Qxa2 27. Rd1 Re8 28. cxb6 axb6 29. Qxb6 1/2-1/2

[Event "Ashdod op 1st"]
[Site "Ashdod"]
[Date "2003.10.17"]
[Round "9"]
[White "Psakhis, Lev"]
[Black "Eljanov, Vladimir"]
[Result "1/2-1/2"]
[WhiteElo "2549"]
[BlackElo "2419"]
[PlyCount "25"]
[EventDate "2003.10.04"]
[EventType "swiss"]
[EventRounds "9"]
[EventCountry "ISR"]
[SourceTitle "CBM 096 Extra"]
[Source "ChessBase"]
[SourceDate "2003.10.22"]
[SourceVersion "2"]
[SourceVersionDate "2003.10.20"]
[SourceQuality "1"]

1. d4 Nf6 2. c4 g6 3. f3 d5 4. cxd5 Nxd5 5. e4 Nb6 6. Nc3 Bg7 7. Be3 0-0 8. Qd2 Be6 9. d5 Bc8 10. 0-0-0 e6 11. h4 exd5 12. exd5 c6 13. d6 1/2-1/2

[Event "Bled op-A 23rd"]
[Site "Bled"]
[Date "2002.07.09"]
[Round "8"]
[White "Eljanov, Vladimir"]
[Black "Neverov, Valeriy"]
[Result "0-1"]
[WhiteElo "2426"]
[BlackElo "2587"]
[PlyCount "45"]
[EventDate "2002.07.02"]
[EventType "swiss"]
[EventRounds "9"]
[EventCountry "SLO"]
[SourceTitle "CBM 089 Extra"]
[Source "ChessBase"]
[SourceDate "2002.09.10"]
[SourceVersion "2"]
[SourceVersionDate "2002.09.10"]
[SourceQuality "1"]

1. c4 e6 2. g3 d5 3. Bg2 Nf6 4. Nf3 dxc4 5. Ne5 Qd4 6. f4 Bd6 7. Qa4+ Nbd7 8. e3 Qc5 9. Nxc4 0-0 10. d4 Qh5 11. 0-0 b5 12. Qd1 Qxd1 13. Rxd1 Rb8 14. Ne5 Bb7 15. Nc3 b4 16. Nxd7 Nxd7 17. Ne4 f5 18. Ng5 Rfe8 19. b3 Nf6 20. Bxb7 Rxb7 21. Bb2 Rb6 22. Rd2 Ra6 23. Rc2 0-1

[Event "Bled op-A 23rd"]
[Site "Bled"]
[Date "2002.07.08"]
[Round "7"]
[White "Brkic, Ante"]
[Black "Eljanov, Vladimir"]
[Result "0-1"]
[WhiteElo "2351"]
[BlackElo "2426"]
[PlyCount "134"]
[EventDate "2002.07.02"]
[EventType "swiss"]
[EventRounds "9"]
[EventCountry "SLO"]
[SourceTitle "CBM 089 Extra"]
[Source "ChessBase"]
[SourceDate "2002.09.10"]
[SourceVersion "2"]
[SourceVersionDate "2002.09.10"]
[SourceQuality "1"]

1. e4 c5 2. Nf3 e6 3. d4 cxd4 4. Nxd4 a6 5. Nc3 Qc7 6. Be2 Nf6 7. 0-0 Nc6 8. Be3 Be7 9. f4 d6 10. Bf3 0-0 11. Qe1 Nxd4 12. Bxd4 e5 13. Be3 b5 14. a3 Bb7 15. Rd1 exf4 16. Bxf4 Nd7 17. Rf2 Ne5 18. Nd5 Bxd5 19. Rxd5 Bh4 20. g3 Bf6 21. c3 Rfe8 22. Bg2 Rac8 23. Kh1 Nc4 24. Bf1 Be5 25. Bxc4 bxc4 26. Rfd2 Bxf4 27. gxf4 Qb7 28. Kg1 h6 29. Qe3 Rc6 30. Kf2 Rb6 31. Qe2 Qe7 32. Qe3 Reb8 33. Qe2 Qh4+ 34. Ke3 Qh3+ 35. Qf3 Qh4 36. Qg3 Qe7 37. Qf2 Re8 38. R5d4 d5 39. e5 f6 40. Rxd5 fxe5 41. Rxe5 Qc5+ 42. Kf3 Qc6+ 43. Ke2 Rf8 44. Qf3 Qg6 45. Re4 Re6 46. Rxe6 Qxe6+ 47. Kd1 Qf5 48. Qd5+ Qxd5 49. Rxd5 Rxf4 50. Ra5 Rf2 51. Rxa6 Rxb2 52. Rc6 Rxh2 53. Rxc4 h5 54. a4 Kh7 55. a5 Ra2 56. Rc5 Kh6 57. Ke1 h4 58. Kf1 g5 59. Rc6+ Kh5 60. a6 h3 61. Kg1 Kh4 62. Rd6 g4 63. c4 Ra1+ 64. Kf2 Ra2+ 65. Ke3 h2 66. Rh6+ Kg3 67. c5 Rxa6 0-1

[Event "Bled op-A 23rd"]
[Site "Bled"]
[Date "2002.07.07"]
[Round "6"]
[White "Eljanov, Vladimir"]
[Black "Jaracz, Barbara"]
[Result "1-0"]
[WhiteElo "2426"]
[BlackElo "2265"]
[PlyCount "130"]
[EventDate "2002.07.02"]
[EventType "swiss"]
[EventRounds "9"]
[EventCountry "SLO"]
[SourceTitle "CBM 089 Extra"]
[Source "ChessBase"]
[SourceDate "2002.09.10"]
[SourceVersion "2"]
[SourceVersionDate "2002.09.10"]
[SourceQuality "1"]

1. c4 e5 2. d3 Nf6 3. Nf3 d6 4. g3 g6 5. Bg2 Bg7 6. Nc3 Nc6 7. 0-0 0-0 8. Bg5 h6 9. Bxf6 Bxf6 10. Rb1 a5 11. a3 Be6 12. Nd2 Qd7 13. Nd5 Bg7 14. b4 axb4 15. axb4 Rab8 16. b5 Ne7 17. Nxe7+ Qxe7 18. Ne4 f5 19. Nc3 f4 20. Qa4 fxg3 21. hxg3 h5 22. Qa7 Bg4 23. Bxb7 e4 24. Bd5+ Kh8 25. Nxe4 Bxe2 26. Rfe1 Bg4 27. b6 Rxb6 28. Rxb6 Bd4 29. Qa5 cxb6 30. Qd2 Kg7 31. Kh2 h4 32. f4 Re8 33. Bc6 Bd7 34. Bxd7 Qxd7 35. Ng5 hxg3+ 36. Kxg3 Bf6 37. Rxe8 Qxe8 38. Ne4 Be7 39. Qb2+ Kf7 40. Qxb6 Qd7 41. Qb5 Qa7 42. Qd5+ Kf8 43. Kf3 Qg1 44. Qe6 Qf1+ 45. Ke3 Qe1+ 46. Kf3 Qf1+ 47. Nf2 Qg1 48. Qg4 Qa1 49. Qxg6 Qa8+ 50. Qe4 Qa1 51. Qf5+ Ke8 52. Qc8+ Kf7 53. Qg4 Ke8 54. Qe6 Kf8 55. Qc8+ Kf7 56. f5 Qd4 57. Qe6+ Kf8 58. Qe4 Qh8 59. Qa8+ Kg7 60. Qxh8+ Kxh8 61. Ke4 Kg7 62. Ng4 Kf7 63. Kd5 Bf8 64. f6 Kg6 65. Ke6 Kg5 1-0

[Event "Alushta"]
[Site "Alushta"]
[Date "2000.??.??"]
[Round "14"]
[White "Bets, Anatolij"]
[Black "Eljanov, Vladimir"]
[Result "1-0"]
[WhiteElo "2413"]
[BlackElo "2472"]
[PlyCount "139"]
[EventDate "2000.??.??"]
[EventType "tourn"]
[EventRounds "15"]
[EventCountry "UKR"]
[EventCategory "8"]
[SourceTitle "EXT 2001"]
[Source "ChessBase"]
[SourceDate "2000.11.22"]
[SourceVersion "1"]
[SourceVersionDate "2000.11.22"]
[SourceQuality "1"]

1. d4 Nf6 2. c4 g6 3. Nc3 d5 4. cxd5 Nxd5 5. e4 Nxc3 6. bxc3 Bg7 7. Nf3 c5 8. Rb1 0-0 9. Be2 b6 10. 0-0 Bb7 11. Qd3 Qc7 12. Bg5 Nd7 13. Qe3 Rac8 14. d5 Nf6 15. Nd2 e6 16. Bf4 Qd8 17. c4 exd5 18. exd5 Re8 19. Qd3 Qe7 20. Bf3 Rcd8 21. h3 Bc8 22. Qa3 h6 23. Rb3 Qd7 24. Re3 Rxe3 25. fxe3 Qb7 26. Rb1 Nd7 27. Be2 Ne5 28. Nf3 Qe7 29. Nd2 Re8 30. Bg3 h5 31. Rf1 Bh6 32. Bf4 Bxf4 33. exf4 Ng4 34. Bf3 Qe3+ 35. Qxe3 Nxe3 36. Re1 Kf8 37. Kf2 Nf5 38. Ne4 Nd4 39. Bd1 Bf5 40. Bf3 Bxe4 41. Bxe4 Kg7 42. g4 hxg4 43. hxg4 f6 44. d6 Rd8 45. Bd5 Rxd6 46. Re7+ Kf8 47. Rxa7 g5 48. fxg5 fxg5 49. Rf7+ Ke8 50. Rg7 Ne6 51. Rg6 Ke7 52. Ke3 Nf4 53. Rxg5 Nxd5+ 54. cxd5 b5 55. Ke4 Ra6 56. Ke5 Rxa2 57. Rg7+ Ke8 58. Rb7 Rg2 59. Ke6 Re2+ 60. Kd6 b4 61. Kxc5 Rc2+ 62. Kd6 Rc4 63. g5 Rg4 64. Ke6 Re4+ 65. Kf5 Rd4 66. g6 Kf8 67. Ke5 Rg4 68. d6 Rxg6 69. Rb8+ Kf7 70. d7 1-0

[Event "Alushta"]
[Site "Alushta"]
[Date "2000.??.??"]
[Round "8"]
[White "Efimenko, Zahar"]
[Black "Eljanov, Vladimir"]
[Result "1-0"]
[WhiteElo "2332"]
[BlackElo "2472"]
[PlyCount "67"]
[EventDate "2000.??.??"]
[EventType "tourn"]
[EventRounds "15"]
[EventCountry "UKR"]
[EventCategory "8"]
[SourceTitle "EXT 2001"]
[Source "ChessBase"]
[SourceDate "2000.11.22"]
[SourceVersion "1"]
[SourceVersionDate "2000.11.22"]
[SourceQuality "1"]

1. e4 c5 2. Nf3 e6 3. d4 cxd4 4. Nxd4 a6 5. Nc3 Qc7 6. Be2 Nf6 7. 0-0 Nc6 8. Be3 Bb4 9. Na4 Ne7 10. c4 Bd6 11. g3 Nxe4 12. Qc2 Nc5 13. Rfd1 Nxa4 14. Qxa4 Bc5 15. Nb5 axb5 16. Qxa8 Bxe3 17. fxe3 bxc4 18. Bxc4 0-0 19. Rac1 Nc6 20. Qa3 d5 21. Be2 Rd8 22. Qc5 Bd7 23. b4 b6 24. Qc3 Qd6 25. b5 Na5 26. Qc7 Qxc7 27. Rxc7 f5 28. Rdc1 Kf7 29. R1c6 Kf6 30. Rxb6 Be8 31. Ra6 Nc4 32. b6 Bb5 33. Raa7 Nxb6 34. Bxb5 1-0

[Event "Alushta"]
[Site "Alushta"]
[Date "2000.??.??"]
[Round "5"]
[White "Eljanov, Vladimir"]
[Black "Gaprindashvili, Valeriane"]
[Result "1/2-1/2"]
[WhiteElo "2472"]
[BlackElo "2446"]
[PlyCount "29"]
[EventDate "2000.??.??"]
[EventType "tourn"]
[EventRounds "15"]
[EventCountry "UKR"]
[EventCategory "8"]
[SourceTitle "EXT 2001"]
[Source "ChessBase"]
[SourceDate "2000.11.22"]
[SourceVersion "1"]
[SourceVersionDate "2000.11.22"]
[SourceQuality "1"]

1. c4 e6 2. g3 Nf6 3. Bg2 d5 4. Nf3 c6 5. Qc2 Nbd7 6. d4 Bb4+ 7. Nbd2 0-0 8. 0-0 b6 9. e4 Be7 10. Ne5 Bb7 11. cxd5 cxd5 12. Nc6 Bxc6 13. Qxc6 dxe4 14. Nxe4 Rc8 15. Qa4 1/2-1/2

[Event "Alushta"]
[Site "Alushta"]
[Date "2000.??.??"]
[Round "1"]
[White "Eljanov, Vladimir"]
[Black "Itkis, Boris"]
[Result "1/2-1/2"]
[WhiteElo "2472"]
[BlackElo "2387"]
[PlyCount "35"]
[EventDate "2000.??.??"]
[EventType "tourn"]
[EventRounds "15"]
[EventCountry "UKR"]
[EventCategory "8"]
[SourceTitle "EXT 2001"]
[Source "ChessBase"]
[SourceDate "2000.11.22"]
[SourceVersion "1"]
[SourceVersionDate "2000.11.22"]
[SourceQuality "1"]

1. c4 c6 2. Nf3 d5 3. Qc2 Nf6 4. d4 g6 5. cxd5 cxd5 6. Nc3 Nc6 7. Bf4 Bg7 8. e3 0-0 9. Be2 Bf5 10. Qb3 Na5 11. Qb4 Re8 12. 0-0 Bf8 13. Ne5 Nd7 14. Rac1 Nxe5 15. dxe5 e6 16. Qa4 g5 17. Bxg5 Qxg5 18. Qxa5 1/2-1/2

[Event "Alushta"]
[Site "Alushta"]
[Date "2000.??.??"]
[Round "11"]
[White "Eljanov, Vladimir"]
[Black "Sharapov, Evgeny"]
[Result "0-1"]
[WhiteElo "2472"]
[BlackElo "2387"]
[PlyCount "52"]
[EventDate "2000.??.??"]
[EventType "tourn"]
[EventRounds "15"]
[EventCountry "UKR"]
[EventCategory "8"]
[SourceTitle "EXT 2001"]
[Source "ChessBase"]
[SourceDate "2000.11.22"]
[SourceVersion "1"]
[SourceVersionDate "2000.11.22"]
[SourceQuality "1"]

1. c4 c5 2. g3 Nc6 3. Bg2 g6 4. Nc3 Bg7 5. Nf3 e5 6. 0-0 Nge7 7. a3 a5 8. Ne1 0-0 9. Nc2 d6 10. Rb1 Be6 11. Ne3 Rb8 12. Ned5 b5 13. Nxe7+ Nxe7 14. cxb5 d5 15. a4 f5 16. e3 d4 17. exd4 cxd4 18. Ne2 f4 19. gxf4 exf4 20. Be4 d3 21. Nc3 Nf5 22. Qf3 Nd4 23. Qxd3 f3 24. Kh1 Qh4 25. Rg1 Be5 26. Rg3 Bxg3 0-1

[Event "Yalta op"]
[Site "Yalta"]
[Date "1996.??.??"]
[Round "5"]
[White "Eljanov, Vladimir"]
[Black "Kondenko, Alexey"]
[Result "0-1"]
[WhiteElo "2325"]
[BlackElo "2230"]
[PlyCount "110"]
[EventDate "1996.??.??"]
[EventType "swiss"]
[EventRounds "11"]
[EventCountry "UKR"]
[SourceTitle "EXT 1998"]
[Source "ChessBase"]
[SourceDate "1997.11.17"]
[SourceVersion "1"]
[SourceVersionDate "1997.11.17"]
[SourceQuality "1"]

1. c4 Nf6 2. g3 g6 3. Bg2 Bg7 4. Nf3 d6 5. Nc3 0-0 6. 0-0 Nc6 7. d3 Bg4 8. h3 Bd7 9. Rb1 a5 10. e4 Qc8 11. Kh2 e5 12. Be3 Kh8 13. d4 a4 14. d5 Ne7 15. c5 Nh5 16. Rc1 Qe8 17. g4 Nf4 18. Bxf4 exf4 19. Qd2 a3 20. b3 f5 21. cxd6 cxd6 22. gxf5 gxf5 23. Rfe1 Ng6 24. exf5 Ne5 25. Ne4 Qh5 26. Qe2 Bxf5 27. Nxe5 Qxe2 28. Rxe2 Bxe5 29. Bf3 Rg8 30. Rc7 Rg6 31. h4 Bg4 32. Nd2 h5 33. Re1 Rag8 34. Kh1 Bh3 35. Rxb7 Bf6 36. Rc1 Bg2+ 37. Bxg2 Rxg2 38. Rf1 R2g4 39. Nf3 Bxh4 40. Rc1 Bxf2 41. Rcc7 R4g7 42. Rxg7 Rxg7 43. Rb8+ Kh7 44. Rf8 Be3 45. Kh2 Rg3 46. Nh4 Bg1+ 47. Kh1 Bc5 48. Rf7+ Kg8 49. Rxf4 Rg1+ 50. Kh2 Ra1 51. b4 Rxa2+ 52. Kh3 Rf2 53. Re4 a2 54. Re8+ Kf7 55. Ra8 Bd4 0-1

[Event "Polanica Zdroj op"]
[Site "Polanica Zdroj"]
[Date "1996.??.??"]
[Round "6"]
[White "Eljanov, Vladimir"]
[Black "Perdek, Miroslaw"]
[Result "0-1"]
[WhiteElo "2325"]
[BlackElo "2325"]
[PlyCount "60"]
[EventDate "1996.??.??"]
[EventType "swiss"]
[EventRounds "10"]
[EventCountry "POL"]
[SourceTitle "EXT 1998"]
[Source "ChessBase"]
[SourceDate "1997.11.17"]
[SourceVersion "1"]
[SourceVersionDate "1997.11.17"]
[SourceQuality "1"]

1. c4 Nf6 2. Nc3 c5 3. Nf3 b6 4. e4 d6 5. d4 cxd4 6. Nxd4 Bb7 7. f3 e6 8. Be3 Be7 9. Be2 0-0 10. 0-0 a6 11. Qe1 Qc7 12. Rc1 Nbd7 13. Qf2 Rac8 14. Rfd1 Rfe8 15. b4 Qb8 16. a3 Bd8 17. Nb3 Bc7 18. g3 d5 19. cxd5 exd5 20. exd5 Bxg3 21. hxg3 Rxe3 22. Qxe3 Qxg3+ 23. Kf1 Ng4 24. Qg1 Nh2+ 25. Qxh2 Qxh2 26. Nd4 h5 27. Rc2 Ne5 28. Rdd2 Qf4 29. Ke1 Qe3 30. f4 Qg3+ 0-1